Friction, wear, lubrication (Запись № 9348523)
[ простой вид ]
| 000 -МАРКЕР | |
|---|---|
| контрольное поле | 01204nam1a22003011i 4500 |
| 001 - ИДЕНТИФИКАТОР ЗАПИСИ | |
| контрольное поле | RU\NLR\INFOCOMM_223\5000057244 |
| 005 - ИДЕНТИФИКАТОР ВЕРСИИ | |
| контрольное поле | 20240726035637.0 |
| 035 ## - ДРУГИЕ СИСТЕМНЫЕ НОМЕРА | |
| Идентификатор записи | (NLR Aleph) 009312939 |
| 100 ## - ДАННЫЕ ОБЩЕЙ ОБРАБОТКИ | |
| Данные общей обработки | 20101116g19811982|||y0rusy50 ba |
| 101 1# - ЯЗЫК РЕСУРСА | |
| Язык текста, звукозаписи и т.д. | английский |
| Язык оригинала | русский |
| Язык главного источника информации | русский |
| 102 ## - СТРАНА ПУБЛИКАЦИИ ИЛИ ПРОИЗВОДСТВА | |
| Страна публикации | Российская Федерация |
| 105 ## - ПОЛЕ КОДИРОВАННЫХ ДАННЫХ: ТЕКСТОВЫЕ МАТЕРИАЛЫ, МОНОГРАФИЧЕСКИЕ | |
| Кодированные данные о монографическом текстовом документе | y ||||000|y |
| 200 1# - ЗАГЛАВИЕ И СВЕДЕНИЯ ОБ ОТВЕТСТВЕННОСТИ | |
| Основное заглавие | Friction, wear, lubrication |
| Сведения, относящиеся к заглавию | Tribology, handbook |
| Первые сведения об ответственности | Ed. by I. V. Kragelsky, D. Sc. (Eng.), V. V. Alisin, Cand. Sc. (Eng.) |
| Последующие сведения об ответственности | Transl. from the Russ. by Felix Palkin a. Valerian Palkin |
| 205 ## - СВЕДЕНИЯ ОБ ИЗДАНИИ | |
| Сведения об издании | Rev. from the 1978 Russ. ed. |
| 210 ## - ПУБЛИКАЦИЯ, РАСПРОСТРАНЕНИЕ И ДР. | |
| Место издания, распространения и т.д. | Μ. |
| Имя издателя, распространителя и т. д. | Mir |
| Дата издания, распространения и т.д. | 1981-1982 |
| 215 ## - ФИЗИЧЕСКАЯ ХАРАКТЕРИСТИКА | |
| Размеры | 22 см |
| 300 ## - ОБЩИЕ ПРИМЕЧАНИЯ | |
| Текст примечания | Доп. тит. л. на рус. яз.: Трение, изнашивание и смазка / Под ред. И. В. Крагельского и В. В. Алисина |
| 320 ## - ПРИМЕЧАНИЯ О НАЛИЧИИ В ДОКУМЕНТЕ БИБЛИОГРАФИИ / УКАЗАТЕЛЯ | |
| Текст примечания | Библиогр. в конце глав |
| 686 ## - ИНДЕКСЫ ДРУГИХ КЛАССИФИКАЦИЙ | |
| Индекс | К413 |
| Код системы | |
| 686 ## - ИНДЕКСЫ ДРУГИХ КЛАССИФИКАЦИЙ | |
| Индекс | [Тт-м-90] |
| Код системы | |
| 702 #1 - ИМЯ ЛИЦА - ВТОРИЧНАЯ ОТВЕТСТВЕННОСТЬ | |
| Системный номер авторитетной/нормативной записи | z01790 |
| Начальный элемент ввода | Kragel'skij |
| Часть имени, кроме начального элемента ввода | I. V. |
| Расширение инициалов личного имени | Igor' Viktorovič |
| Код отношения | Редактор |
| 702 #1 - ИМЯ ЛИЦА - ВТОРИЧНАЯ ОТВЕТСТВЕННОСТЬ | |
| Начальный элемент ввода | Alisin |
| Часть имени, кроме начального элемента ввода | V. V. |
| Расширение инициалов личного имени | Valerij Vasil'evič |
| Код отношения | Редактор |
| 790 #1 - ИМЯ ЛИЦА - АЛЬТЕРНАТИВНАЯ ФОРМА | |
| Системный номер авторитетной/нормативной записи | z01702 |
| Начальный элемент ввода | Kragelsky |
| Часть имени, кроме начального элемента ввода | I. V. |
| Код отношения | Редактор |
| 801 #1 - ИСТОЧНИК ЗАПИСИ | |
| Страна | Российская Федерация |
| Организация | NLR |
| Дата составления | 20101116 |
| 801 #0 - ИСТОЧНИК ЗАПИСИ | |
| Страна | Российская Федерация |
| Организация | NLR |
| Правила каталогизации | PSBO |
| 852 ## - МЕСТОНАХОЖДЕНИЕ И ШИФР ХРАНЕНИЯ | |
| Идентификатор организации | NLR |
| Шифр хранения (Call Number) | Т37 Д-5/180 |
| 942 ## - ДОПОЛНИТЕЛЬНЫЕ ЭЛЕМЕНТЫ ЗАПИСИ (АБИС) | |
| Тип экземпляра АБИС | Книга |
Нет доступных экземпляров.